00475nam a22001457a 4500003000500000038001800005082000800023100002600031245009100057264003300148300002500181650003200206700003400238856005700272NUST aNusrat Nadeem a200 aShahid, Maria Naureen aPOLITICAL CO-BRAND IMAGE & POSITIONING – A MIXED METHOD STUDY/cMaria Naureen Shahid aIslamabad;bNBS NUST;c2023. a364,p;bill;c30,cm. aPhD-Business Administration aSupervisor: Dr. Waseem Hassan uhttp://10.250.8.41:8080/xmlui/handle/123456789/44039